| 000 | 01216cam a2200229 4500 | ||
|---|---|---|---|
| 001 | ABS63862 | ||
| 008 | 000000n2001 000 0 eng u | ||
| 035 | _a(Sirsi) u112099 | ||
| 100 | _aGrinfeld, A. | ||
| 245 | _aCPD: fire safety issues | ||
| 260 | _c2001 | ||
| 490 |
_aConstruction Manager _v March 2001, 43-46(4) |
||
| 520 | _aDescribes the processes and mechanics of fire spread and the essential legislative fire safety framework that needs to be considered by the construction industry. Mentions Approved Document B of the Building Regulations 1991 and its most recent revision which came into effect in July 2000. The Fire Precautions (Workplace) (Amendment) Regulations 1999 are also mentioned as they set out a radically different approach to fire precautions than previous legislation by transferring many safety responsibilities directly to the employer. | ||
| 590 | _aABS | ||
| 650 | _aMANAGEMENT-HEALTH AND SAFETY-FIRE SAFETY | ||
| 650 | _aFIRE SAFETY ENGINEERING | ||
| 650 | _aFIRE PRECAUTIONS ACT 1971 | ||
| 650 | _aFIRE PRECAUTIONS (WORKPLACE) REGULATIONS 1997 | ||
| 650 | _aFIRE PRECAUTIONS (WORKPLACE) (AMENDMENT) REGULATIONS 1999 | ||
| 690 |
_aHealth and safety _96244 |
||
| 942 | _n0 | ||
| 999 |
_c66759 _d66759 |
||